| 000 | 00351nam a22001577a 4500 | ||
|---|---|---|---|
| 003 | SGT | ||
| 020 | _a9789356963320 | ||
| 082 |
_a616.01 _bE24S |
||
| 100 | _aSASTRY, APURBA S. | ||
| 245 | _aESSENTIALS OD MEDICAL MICROBIOLOGY | ||
| 250 | _a4TH | ||
| 260 |
_aINDIA _bJAYPEE PUB _c2024 |
||
| 300 | _a710 | ||
| 650 | _aMICROBIOLOGY | ||
| 942 |
_2ddc _cBK |
||
| 999 |
_c30765 _d30765 |
||